<?xml version="1.0" encoding="UTF-8"?>
<marc:record xmlns:marc="http://www.loc.gov/MARC21/slim">
   <marc:leader>00000nam a2200000 a 4500</marc:leader>
   <marc:datafield ind1="1" ind2=" " tag="100">
      <marc:subfield code="a">Leon, Donna</marc:subfield>
      <marc:subfield code="4">aut</marc:subfield>
      <marc:subfield code="e">Verfasser/-in</marc:subfield>
   </marc:datafield>
   <marc:datafield ind1="1" ind2=" " tag="100">
      <marc:subfield code="a">Seibicke, Christa E.</marc:subfield>
      <marc:subfield code="4">trl</marc:subfield>
      <marc:subfield code="e">Übersetzer/-in</marc:subfield>
   </marc:datafield>
   <marc:datafield ind1=" " ind2=" " tag="653">
      <marc:subfield code="a">Tod</marc:subfield>
   </marc:datafield>
   <marc:datafield ind1=" " ind2=" " tag="653">
      <marc:subfield code="a">Venedig</marc:subfield>
   </marc:datafield>
   <marc:datafield ind1="0" ind2="0" tag="245">
      <marc:subfield code="a">Das Mädchen seiner Träume</marc:subfield>
   </marc:datafield>
   <marc:datafield ind1="0" ind2="0" tag="245">
      <marc:subfield code="b">Commissario Brunettis siebzehnter Fall ; Roman</marc:subfield>
   </marc:datafield>
   <marc:datafield ind1="0" ind2="0" tag="245">
      <marc:subfield code="c">Donna Leon. Aus dem Amerikan. von Christa E. Seibicke</marc:subfield>
   </marc:datafield>
   <marc:datafield ind1=" " ind2="1" tag="264">
      <marc:subfield code="a">Zürich</marc:subfield>
      <marc:subfield code="b">Diogenes</marc:subfield>
      <marc:subfield code="c">2009</marc:subfield>
   </marc:datafield>
   <marc:datafield ind1="1" ind2=" " tag="520">
      <marc:subfield code="a">Melancholischer Tod Donna Leonas siebzehnter Fall um den nachdenklichen Commissario Brunetti steht ganz im Zeichen der Auseinandersetzung mit dem Tod. Leon verquickt in ihrem neuen Roman zwei Handlungsstränge: zum einen die Aufarbeitung des Todes der Mutter und in der Folge der eigenen Jugend Brunettis und zum anderen den Kriminalfall um ein kleines Roma-Mädchen und die Auseinandersetzung mit (eigenen) Vorurteilen. Leons Roman ist wie immer flüssig in leicht lesbarer Sprache geschrieben, die Thematik rund um das fahrende Volk der Roma bleibt zwar an der Oberfläche, regt aber doch zur eigenen Reflexion an. Auch wirkt die Figur des Commissarios glaubhaft, weil menschlich. Leons Beschreibungen der Lagunenstadt und ihrer Menschen sind dabei so treffsicher, dass ich bei meinem Venedigbesuch vor einigen Tagen an jeder Ecke irgendwie ein Zusammentreffen mit dem Commissario erwartet habe. Ein kurzweiliges Buch für den Urlaub oder laue Sommerabende. *Apropos* Christoph Hottes</marc:subfield>
   </marc:datafield>
   <marc:datafield ind1=" " ind2=" " tag="020">
      <marc:subfield code="a">97832570669</marc:subfield>
      <marc:subfield code="9">97832570669</marc:subfield>
   </marc:datafield>
   <marc:datafield ind1=" " ind2=" " tag="020">
      <marc:subfield code="a">3257066953</marc:subfield>
      <marc:subfield code="9">3257066953</marc:subfield>
   </marc:datafield>
   <marc:datafield ind1=" " ind2=" " tag="500">
      <marc:subfield code="a">Übers. aus dem Amerikan.</marc:subfield>
   </marc:datafield>
   <marc:datafield ind1=" " ind2=" " tag="300">
      <marc:subfield code="a">350 S.</marc:subfield>
   </marc:datafield>
</marc:record>
